Top 10 Best Nickelodeon Shows - Statistics

General Stats
  • This quiz has been taken 121 times
  • The average score is 4 of 10
Answer Stats
Hint Answer % Correct
Cartoon SpongeBob SquarePants
90%
Live-Action iCarly
76%
Live-Action Drake and Josh
52%
Cartoon Rugrats
46%
Cartoon The Fairly Oddparents
40%
Cartoon Hey Arnold
36%
Cartoon Avatar: The Last Airbender
27%
Cartoon Danny Phantom
19%
Cartoon Invader Zim
10%
Cartoon The Adventures of Jimmy Neutron: Boy Genius
4%
No matching quizzes found
Score Distribution
Percent of People with Each Score
Percentile by Number Answered
Your Score History
You have not taken this quiz